[Event "TUR Cup										"]
[Site "Antalya"]
[Date "2018.01.30"]
[Round "6"]
[White "Kaya, Mehmet Roni"]
[Black "Demirkilic, Koksal"]
[Result "1-0"]
[WhiteElo "1571"]
[BlackElo "1594"]
[PlyCount "99"]
[EventDate "2018.01.27"]
[EventType "swiss"]
[EventRounds "11"]
[EventCountry "TUR"]
[SourceTitle "CBM 182 Extra"]
[Source "ChessBase"]
[SourceDate "2018.02.23"]
[SourceVersion "1"]
[SourceVersionDate "2018.02.23"]
[SourceQuality "1"]

1. e4 c5 2. Nc3 d6 3. f4 Nc6 4. Nf3 a6 5. Bc4 e6 6. a3 Nf6 7. d3 Qc7 8. 0-0 Be7 9. Bd2 0-0 10. Qe1 b5 11. Ba2 Bb7 12. Ne2 d5 13. e5 Ne8 14. c3 Rd8 15. d4 f5 16. Rc1 c4 17. Bb1 g6 18. Qg3 Rf7 19. h4 Ng7 20. Qh3 h5 21. Ng5 Bxg5 22. hxg5 Kf8 23. Bc2 Na5 24. Rb1 Ke7 25. Qh4 Rff8 26. Nc1 Ra8 27. Bd1 Nc6 28. Bf3 Qb6 29. Ne2 Na5 30. Be3 Nc6 31. Kf2 a5 32. g3 b4 33. Qh1 Na7 34. axb4 axb4 35. Ra1 b3 36. Ra4 Nc6 37. Rxa8 Bxa8 38. Bxd5 exd5 39. Qxd5 Rd8 40. Qxc4 Qb7 41. Qc5+ Ke8 42. d5 Nxe5 43. fxe5 Rxd5 44. Qc4 Rd7 45. Qg8+ Ke7 46. Qxg7+ Ke6 47. Qf6+ Kd5 48. Nf4+ Kc4 49. Qe6+ Kb5 50. Ra1 1-0